000 00788nam a2200253 i 4500
001 69103
003 ES-MaACL
005 20230906170433.0
007 t|
008 040910s2004 sp |||| | spa d
020 _a84-8432-518-0
080 _a338.1(460)"14/15"
080 _a94(460)"14/15"
100 1 _aYun Casalilla, Bartolomé.
_9117742
245 1 0 _aMarte contra Minerva
_b: el precio del imperio español, c. 1450-1600 /
_cBartolomé Yun.
260 _aBarcelona :
_bCrítica,
_c[2004]
300 _a623 p. ;
_c24 cm.
490 1 _aSerie mayor
651 4 _aEspaña-
_xSituación económica-
_y1474-1516.
_9167676
651 4 _aEspaña-
_xSituación económica-
_y1516-1700.
_9167657
830 0 _aSerie mayor
_9177793
852 _aES-MaACL
_jL-28054
999 _c69103
_d69103